Kadra Polski na marcowe baraże do mundialu 2026 - Statystyki

Ogólne statystyki
  • Ten quiz został rozwiązany 137 razy
  • Średni wynik to 21 z 25
Statystyki odpowiedzi
Pozycja Drużyna Odpowiedź % Poprawnych
Obrońca FC Porto Jan Bednarek
98%
Bramkarz VfL Wolfsburg Kamil Grabara
97%
Napastnik FC Barcelona Robert Lewandowski
97%
Obrońca FC Porto Jakub Kiwior
96%
Obrońca Aston Villa Matty Cash
96%
Pomocnik Inter Mediolan Piotr Zieliński
96%
Pomocnik Atalanta BC Nicola Zalewski
92%
Skrzydłowi FC Porto Oskar Pietuszewski
91%
Napastnik Panathinaikos FC Karol Świderski
89%
Skrzydłowy Pogoń Szczecin Kamil Grosicki
88%
Napastnik Al-Duhail SC Krzysztof Piątek
88%
Pomocnik Stade Rennais FC Sebastian Szymański
87%
Bramkarz Lech Poznań Bartosz Mrozek
86%
Skrzydłowi FC Koln Jakub Kamiński
86%
Obrońca AS Roma Jan Ziółkowski
85%
Bramkarz Widzew Łódź Bartłomiej Drągowski
82%
Pomocnik Feyenoord Rotterdam Jakub Moder
81%
Obrońca Widzew Łódź Przemysław Wiśniewski
81%
Skrzydłowi KAA Gent Michał Skóraś
77%
Bramkarz Qarabag FK Mateusz Kochalski
75%
Pomocnik SK Sturm Graz Filip Rózga
73%
Obrońca PAOK Saloniki Tomasz Kędziora
73%
Pomocnik Brondby IF Bartosz Slisz
64%
Obrońca FC St. Pauli Arkadiusz Pyrka
58%
Obrońca Palermo FC Bartosz Bereszyński
58%
Nie znaleziono quizów pasujących do podanych kryteriów
Rozkład punktacji
Procent ludzi z każdym wynikiem
Percentyl według liczby udzielonych odpowiedzi
Twoja historia wyników
Nie rozwiązałeś tego quizu